000 01259nam2a2200253 4500
001 RU\NLR\BIBL_A\011467619
005 20250626072647.0
010 _a978-5-94158-196-2
_9500
021 _aRU
_b2017-60593
_94292
035 _a(RuMoRGB)008996226
035 _a(NLR Aleph) 011467619
090 _a11837502
_c11837502
100 _a20170907d2017 |||y0rusy50 ca
101 0 _arus
102 _aRU
105 _aac z 000zy
200 0 _aТ. 1
_eизбранные монографии, статьи, интервью
210 _d2017
_aБ. м.
215 _a430, [1] с.
_cил., портр.
461 0 _1001RU\NLR\BIBL_A\011471910
_12001#$aДрузей услышу голоса$eо творчестве Д. Мизгулина$e[сборник$fредактор, составитель В. Рыбакова$gпослесловие Андрей Романов]$vТ. 1
_911858841
_cСанкт-Петербург
_d2017
_fредактор, составитель В. Рыбакова
_nЛитературный фонд "Дорога жизни"
_oо творчестве Д. Мизгулина : [сборник
_tДрузей услышу голоса
_vТ. 1
942 _cBOOK
980 _aNB